|
|
|
|
| LEADER |
00758pam a22002178a 4500 |
| 001 |
00025972 |
| 008 |
110812s1983 ||||||engsd |
| 005 |
20171026081023.0 |
| 041 |
0 |
# |
|a eng
|
| 082 |
1 |
4 |
|a 428
|b A111T
|
| 100 |
0 |
# |
|a Walter,Catherine
|
| 245 |
0 |
0 |
|a Authenic Reading
|b A course in reading skills for upper-intermediate students
|c Catherine Walter
|
| 260 |
# |
# |
|a US.
|b Cambridge university press
|c 1983
|
| 300 |
# |
# |
|a 94p.
|c 28cm.
|
| 653 |
# |
# |
|a tiếng anh
|
| 653 |
# |
# |
|a đọc
|
| 852 |
# |
# |
|b Kho giáo trình
|j KGT.0027987, KGT.0027988, KGT.0027989
|
| 852 |
# |
# |
|b Kho mượn
|j KGT.0027987
|
| 852 |
# |
# |
|j KGT.0027988
|j KGT.0027989
|j KGT.0027987
|
| 910 |
|
|
|d 12/08/2011
|
| 980 |
# |
# |
|a Trung tâm Học liệu Lê Vũ Hùng, Trường Đại học Đồng Tháp
|